000 01049naa a2200277 c 4500
001 31908
003 ES-MaCES
005 20000703103500.0
008 000703n2000 sp o000 | spa d
035 _aCES20000004442v
040 _aES-MaCES
_bspa
_cES-MaCES
100 1 _aBaño León, José María
_97022
245 1 3 _aLa influencia del derecho comunitario en la interpretación de la ley de contratos de las administraciones públicas
_cpor José Mª Baño León
500 _aÍndice
650 4 _areforma administrativa
_927223
650 4 _aderecho comunitario
_929866
650 4 _aderecho público
_927169
650 4 _acontratación
_928323
650 4 _aservicios públicos
_927230
650 4 _aadministración pública
_927214
653 1 0 _aAdministración-Instituciones públicas
773 0 _tRevista de administración pública
_gn. 151 (en. - abr. 2000){10681 R. 037022}; p. 11-37
_w(ES-MaCES)25683
_968064
902 _aART Artículo de revista
942 _2CES
_cAR
_h6.3.
999 _c31908
_d31908